[Event "Lasker Memorial A"]
[Site "Barlinek"]
[Date "2006.06.07"]
[Round "5.23"]
[White "Kopinski, Tomasz"]
[Black "Kielbratowski, Aleksander"]
[Result "0-1"]
[WhiteElo "2069"]
[BlackElo "2153"]
[PlyCount "74"]
[EventDate "2006.06.??"]

1. c4 e5 2. Nc3 g6 3. Nf3 Bg7 4. d4 exd4 5. Nxd4 Ne7 6. e4 Nbc6 7. Be3 O-O 8.
Be2 d6 9. O-O f5 10. f3 f4 11. Bf2 a6 12. Qd2 Ne5 13. Rfd1 g5 14. Nc2 Be6 15.
b3 Qe8 16. Rac1 Rd8 17. Nd4 Bc8 18. Nd5 c5 19. Nc2 Qf7 20. b4 Nxd5 21. cxd5 b6
22. bxc5 bxc5 23. Qa5 g4 24. Ne1 Bh6 25. Bh4 Rd7 26. fxg4 Qg6 27. h3 f3 28.
gxf3 Bxc1 29. Rxc1 Qh6 30. Bg3 Qxc1 31. Bxe5 Qe3+ 32. Kf1 dxe5 33. Qb6 Qxe4 34.
Qxc5 Qd4 35. Qc6 Rdf7 36. d6 Bb7 37. Qc4 Qxd6 0-1

[Event "Lasker Memorial A"]
[Site "Barlinek"]
[Date "2006.06.07"]
[Round "5.24"]
[White "Puczylowski, Marcin"]
[Black "Tokarski, Lukasz"]
[Result "0-1"]
[WhiteElo "1912"]
[BlackElo "2152"]
[PlyCount "98"]
[EventDate "2006.06.??"]

1. e4 g6 2. d4 Bg7 3. Nf3 d6 4. Nc3 a6 5. Be3 b5 6. Be2 Bb7 7. O-O Nd7 8. a4 b4
9. Nd5 a5 10. Bd3 e6 11. Nf4 Ngf6 12. Ng5 Qe7 13. f3 O-O 14. Ne2 e5 15. c3 exd4
16. cxd4 Nd5 17. Bd2 N5b6 18. Rc1 c5 19. Nh3 h6 20. Be3 Rac8 21. b3 d5 22. dxc5
Nxc5 23. Nf2 Rfd8 24. e5 d4 25. Bf4 Nd5 26. Ne4 Nxf4 27. Nxf4 Qxe5 28. Nxc5
Rxc5 29. Rxc5 Qxc5 30. Bc4 Qg5 31. Nh3 Qf5 32. Bd3 Qc5 33. Re1 Bd5 34. Nf4 Bc6
35. Bc4 Qf5 36. Qd2 Re8 37. Rc1 Bb7 38. Bd3 Qe5 39. Bc4 Qg5 40. Kf1 Be5 41. Re1
Bc6 42. g3 Bxf3 43. Qd3 Bh5 44. Bxf7+ Kxf7 45. Qc4+ Kg7 46. Ne6+ Rxe6 47. Qxe6
Qf6+ 48. Qxf6+ Kxf6 49. Kf2 Ke6 0-1

[Event "Lasker Memorial A"]
[Site "Barlinek"]
[Date "2006.06.07"]
[Round "5.25"]
[White "Czaja, Roman"]
[Black "Czaus, Piotr"]
[Result "1-0"]
[WhiteElo "2144"]
[BlackElo "1799"]
[PlyCount "77"]
[EventDate "2006.06.??"]

1. d4 Nf6 2. c4 g6 3. Nc3 Bg7 4. e4 d6 5. f3 O-O 6. Be3 e5 7. Nge2 Nc6 8. d5
Ne7 9. Qd2 Ne8 10. Nc1 f5 11. b4 a5 12. bxa5 f4 13. Bf2 g5 14. Nb3 Nf6 15. c5
Ng6 16. cxd6 cxd6 17. Bb6 Qe7 18. Nb5 g4 19. Qb4 Ne8 20. O-O-O gxf3 21. gxf3
Nh4 22. Be2 Bd7 23. Na7 Ng2 24. Kb1 Ne3 25. Rc1 Kh8 26. Bb5 Nxd5 27. exd5 Bf5+
28. Kb2 e4+ 29. Ka3 Qe5 30. Nd4 e3 31. Bxe8 Rfxe8 32. Nab5 Rg8 33. Rhg1 Bg6 34.
Nc7 Rac8 35. Nde6 Qf5 36. Nxg7 Kxg7 37. Ne6+ Kh6 38. Qxf4+ Qxf4 39. Nxf4 1-0

[Event "Lasker Memorial A"]
[Site "Barlinek"]
[Date "2006.06.07"]
[Round "5.26"]
[White "Kolomytchenko, Igor"]
[Black "Klim, Kamil"]
[Result "1/2-1/2"]
[WhiteElo "2079"]
[BlackElo "1940"]
[PlyCount "118"]
[EventDate "2006.06.??"]

1. e4 c5 2. Nf3 d6 3. d4 cxd4 4. Nxd4 Nf6 5. Nc3 a6 6. Be2 e6 7. Be3 b5 8. f3
Qc7 9. a3 Be7 10. Qd2 Nbd7 11. O-O Bb7 12. Bd3 O-O 13. Kh1 d5 14. exd5 Nxd5 15.
Nxd5 Bxd5 16. Bf4 Qd8 17. Rfe1 Bf6 18. Be3 Ne5 19. Bf1 Nc4 20. Bxc4 Bxc4 21.
Rad1 Bd5 22. Qf2 Qc7 23. Rd2 Rac8 24. Red1 Qb7 25. c3 Rcd8 26. Nc2 h5 27. Bb6
Rb8 28. Ba7 Ra8 29. Be3 Rfd8 30. Nb4 Bb3 31. Rxd8+ Rxd8 32. Rxd8+ Bxd8 33. Qd2
Be7 34. Qd4 Bxb4 35. axb4 Qd5 36. Qxd5 Bxd5 37. Bc5 e5 38. Kg1 f5 39. Kf2 Kf7
40. Ke3 Ke6 41. g3 Bb3 42. f4 exf4+ 43. Kxf4 g6 44. Bd4 Bc4 45. Bh8 Bb3 46. Kg5
Kf7 47. h4 Bc4 48. Kf4 Ke6 49. Bd4 Bb3 50. Bc5 Bc4 51. Ke3 Kd5 52. Be7 Bb3 53.
Bg5 Bc4 54. Bf4 Bb3 55. Bb8 Bc4 56. Bc7 Bb3 57. Kd3 Bd1 58. Ke3 Bb3 59. Kf4 Ke6
1/2-1/2

[Event "Lasker Memorial A"]
[Site "Barlinek"]
[Date "2006.06.07"]
[Round "5.27"]
[White "Kowalska, Sara"]
[Black "Dragun, Kamil"]
[Result "0-1"]
[WhiteElo "1833"]
[BlackElo "1893"]
[PlyCount "70"]
[EventDate "2006.06.??"]

1. d4 Nf6 2. c4 c5 3. d5 b5 4. cxb5 a6 5. b6 d6 6. Nc3 Nbd7 7. Nf3 g6 8. e4 Bg7
9. Be2 Nxb6 10. O-O O-O 11. Qc2 Ne8 12. a4 Nc7 13. Bf4 e5 14. Bg5 Qe8 15. Be3
f5 16. b4 Nd7 17. bxc5 Nxc5 18. Bxc5 dxc5 19. Rfd1 Qd8 20. Bc4 Qd6 21. Nd2 f4
22. Bb3 Kh8 23. Nc4 Qf6 24. d6 Ne6 25. Nd5 Qg5 26. Ncb6 Nd4 27. Rxd4 exd4 28.
Nxa8 Bh3 29. g3 fxg3 30. hxg3 d3 31. Qd1 Bd4 32. Kh1 Bg4 33. Qb1 Qh5+ 34. Kg1
Bxf2+ 35. Kg2 Qh3# 0-1

[Event "Lasker Memorial A"]
[Site "Barlinek"]
[Date "2006.06.08"]
[Round "6.1"]
[White "Shishkin, Vadim"]
[Black "Urban, Klaudiusz"]
[Result "1/2-1/2"]
[WhiteElo "2541"]
[BlackElo "2457"]
[PlyCount "29"]
[EventDate "2006.06.??"]

1. d4 d5 2. c4 e6 3. Nf3 Nf6 4. Nc3 Nbd7 5. cxd5 exd5 6. Bf4 c6 7. Qc2 Nh5 8.
Bd2 Nb6 9. e3 g6 10. Bd3 Ng7 11. O-O Be7 12. Na4 Nxa4 13. Qxa4 Bf5 14. Be2 a5
15. Rfc1 1/2-1/2

[Event "Lasker Memorial A"]
[Site "Barlinek"]
[Date "2006.06.08"]
[Round "6.2"]
[White "Kalinitschew, Sergey"]
[Black "Tomczak, Jacek"]
[Result "1/2-1/2"]
[WhiteElo "2516"]
[BlackElo "2369"]
[PlyCount "104"]
[EventDate "2006.06.??"]

1. d4 d5 2. c4 dxc4 3. Nf3 Nf6 4. e3 e6 5. Bxc4 c5 6. O-O a6 7. dxc5 Bxc5 8.
Qe2 Nc6 9. a3 Qc7 10. b4 Bd6 11. Bb2 Ne5 12. Nbd2 Bd7 13. Rfc1 Bc6 14. h3 Nxf3+
15. Nxf3 e5 16. b5 axb5 17. Bxb5 O-O 18. Bxc6 bxc6 19. Nd2 Nd7 20. Qf3 Nc5 21.
Ra2 f6 22. Ne4 Qf7 23. Raa1 Nxe4 24. Qxe4 Qb3 25. Qxc6 Bxa3 26. Bxa3 Rxa3 27.
Rab1 Qa2 28. Rb6 Ra7 29. Rc4 Qd2 30. Qe6+ Kh8 31. Rb1 Qd7 32. Qb6 h6 33. Rbc1
Qb7 34. Qd6 Qe7 35. Qd5 Rd7 36. Qf3 Rfd8 37. g4 Qe6 38. Kg2 Qd5 39. Re4 Rf8 40.
Rb4 Qxf3+ 41. Kxf3 g6 42. Rc6 Kg7 43. h4 h5 44. gxh5 gxh5 45. Ke4 Rd2 46. f3
Kg6 47. Rb1 Rg2 48. Rb5 Ra8 49. f4 exf4 50. exf4 Ra7 51. Rb8 Re7+ 52. Kf3 Rge2
1/2-1/2

[Event "Lasker Memorial A"]
[Site "Barlinek"]
[Date "2006.06.08"]
[Round "6.3"]
[White "Malaniuk, Vladimir"]
[Black "Aliavdin, Nikolai"]
[Result "1/2-1/2"]
[WhiteElo "2539"]
[BlackElo "2355"]
[PlyCount "56"]
[EventDate "2006.06.??"]

1. d4 Nf6 2. Nf3 g6 3. c3 Bg7 4. Bg5 d5 5. Nbd2 Nbd7 6. e3 c5 7. Be2 O-O 8. h3
Re8 9. Bf4 b6 10. O-O Bb7 11. Ne5 Nxe5 12. Bxe5 Ne4 13. Nxe4 dxe4 14. Bxg7 Kxg7
15. Qa4 cxd4 16. cxd4 Qd6 17. Ba6 Bxa6 18. Qxa6 Qd7 19. Rac1 Rec8 20. b3 Rc7
21. Rxc7 Qxc7 22. Qc4 Qxc4 23. bxc4 Rc8 24. Rc1 e5 25. Kf1 exd4 26. exd4 Rd8
27. Rd1 Rc8 28. Rc1 Rd8 1/2-1/2

[Event "Lasker Memorial A"]
[Site "Barlinek"]
[Date "2006.06.08"]
[Round "6.4"]
[White "Czerwonski, Aleksander"]
[Black "Grabarczyk, Miroslaw"]
[Result "1/2-1/2"]
[WhiteElo "2358"]
[BlackElo "2469"]
[PlyCount "22"]
[EventDate "2006.06.??"]

1. d4 d5 2. c4 c6 3. Nf3 Nf6 4. Nc3 a6 5. e3 b5 6. cxd5 cxd5 7. Ne5 e6 8. Bd3
Bd6 9. f4 O-O 10. O-O Nbd7 11. Bd2 Bb7 1/2-1/2

[Event "Lasker Memorial A"]
[Site "Barlinek"]
[Date "2006.06.08"]
[Round "6.6"]
[White "Szczepinski, Michal"]
[Black "Bulski, Krzysztof"]
[Result "0-1"]
[WhiteElo "2302"]
[BlackElo "2389"]
[PlyCount "84"]
[EventDate "2006.06.??"]

1. e4 c5 2. Nf3 d6 3. d4 cxd4 4. Qxd4 Bd7 5. c4 Nc6 6. Qd2 g6 7. Be2 Bg7 8. O-O
Nf6 9. Nc3 O-O 10. Rb1 a6 11. h3 Na7 12. Qe3 b5 13. cxb5 Nxb5 14. Bd2 e5 15.
Rbc1 Qb8 16. Rfd1 Qb7 17. Bd3 Bc6 18. Nxb5 axb5 19. Bb4 Rfd8 20. Bb1 Bxe4 21.
Bxd6 Bxb1 22. Rxb1 e4 23. Ne1 Rd7 24. Bg3 Rxa2 25. Be5 Ra6 26. Rxd7 Nxd7 27.
Bxg7 Kxg7 28. Rd1 Nf6 29. Qd4 Qe7 30. Nc2 Ra7 31. Qc3 Rc7 32. Qb3 Qe5 33. Ne3
h5 34. Qb4 Qc5 35. Qb3 Rd7 36. Rxd7 Nxd7 37. Qd1 Ne5 38. b3 b4 39. Qd8 Nd3 40.
h4 Qe5 41. Nc4 Qa1+ 42. Kh2 Nxf2 0-1

[Event "Lasker Memorial A"]
[Site "Barlinek"]
[Date "2006.06.08"]
[Round "6.7"]
[White "Strzemiecki, Zbigniew"]
[Black "Zezulkin, Jurij"]
[Result "0-1"]
[WhiteElo "2332"]
[BlackElo "2479"]
[PlyCount "64"]
[EventDate "2006.06.??"]

1. e4 c5 2. Nf3 Nc6 3. d4 cxd4 4. Nxd4 Nf6 5. Nc3 e5 6. Ndb5 d6 7. Bg5 a6 8.
Na3 b5 9. Bxf6 gxf6 10. Nd5 f5 11. c3 Bg7 12. Bd3 Be6 13. Nxb5 Bxd5 14. exd5
Ne7 15. Na3 e4 16. Bc2 O-O 17. O-O Ng6 18. Qh5 Re8 19. Qxf5 Re5 20. Qg4 f5 21.
Qd1 Qg5 22. g3 Nh4 23. f4 exf3 24. Qc1 Qg4 25. Qf4 Qh3 26. Rf2 Rae8 27. Raf1
Re1 28. Bd3 Rxf1+ 29. Bxf1 Re1 30. Qd2 Rxf1+ 31. Rxf1 Bh6 32. Qf2 Be3 0-1

[Event "Lasker Memorial A"]
[Site "Barlinek"]
[Date "2006.06.08"]
[Round "6.8"]
[White "Owczarzak, Jerzy"]
[Black "Szoen, Dariusz"]
[Result "1-0"]
[WhiteElo "2380"]
[BlackElo "2440"]
[PlyCount "91"]
[EventDate "2006.06.??"]

1. e4 c5 2. Nf3 d6 3. d4 cxd4 4. Nxd4 Nf6 5. Nc3 a6 6. Be3 e5 7. Nb3 Be6 8. f3
Be7 9. Qd2 O-O 10. O-O-O Qc7 11. g4 Rc8 12. g5 Nh5 13. Nd5 Bxd5 14. exd5 Nd7
15. Bh3 g6 16. Kb1 Bf8 17. Rhe1 a5 18. Qd3 e4 19. Qxe4 Re8 20. Qa4 Ne5 21. Nd4
b5 22. Nxb5 Qb7 23. Bc1 Red8 24. f4 Nd7 25. Nd4 Nc5 26. Qc6 Qb8 27. Qb5 Qc7 28.
Nc6 Re8 29. Rxe8 Rxe8 30. Qxa5 Qb7 31. Re1 Ra8 32. Qd2 Bg7 33. Re7 Qa6 34. a3
Bf8 35. Re1 Kh8 36. f5 gxf5 37. Bxf5 Bg7 38. Nb4 Qc4 39. Qe2 Qh4 40. Bg4 Na4
41. Bxh5 Bc3 42. Rf1 Bxb4 43. axb4 Qxb4 44. Qf3 f5 45. Qb3 Qe4 46. Rf4 1-0

[Event "Lasker Memorial A"]
[Site "Barlinek"]
[Date "2006.06.08"]
[Round "6.9"]
[White "Lagowski, Patryk"]
[Black "Orzech, Dominik"]
[Result "0-1"]
[WhiteElo "2392"]
[BlackElo "2346"]
[PlyCount "106"]
[EventDate "2006.06.??"]

1. d4 Nf6 2. c4 c6 3. Nf3 d5 4. Nc3 dxc4 5. a4 Bf5 6. e3 e6 7. Bxc4 Bb4 8. O-O
O-O 9. Qe2 Bg6 10. Rd1 Nbd7 11. Ne5 Nxe5 12. dxe5 Nd7 13. f4 Qc7 14. e4 Nc5 15.
Na2 Nxe4 16. Nxb4 Qb6+ 17. Be3 Qxb4 18. Rd4 Rad8 19. Bd5 Nc3 20. bxc3 Qxc3 21.
Rc1 Qa3 22. Qd2 cxd5 23. Rb4 b6 24. Bd4 Rc8 25. Ra1 Qd3 26. Qxd3 Bxd3 27. a5
bxa5 28. Rxa5 a6 29. Kf2 Rc2+ 30. Ke3 Bb5 31. Rb2 Rfc8 32. Ra1 h5 33. Rd1 Kh7
34. Rxc2 Rxc2 35. Rd2 Rc1 36. h3 Kg6 37. Kf3 Rf1+ 38. Ke3 Rb1 39. Rb2 Rd1 40.
Rd2 Rxd2 41. Kxd2 Bf1 42. g4 Bxh3 43. gxh5+ Kxh5 44. Ke3 a5 45. Bb2 Kg4 46. Bc1
Kf5 47. Bb2 Bf1 48. Bc1 Bb5 49. Bb2 Bc6 50. Bc1 g5 51. fxg5 Kxe5 52. Bb2+ Kf5
53. Bf6 e5 0-1

[Event "Lasker Memorial A"]
[Site "Barlinek"]
[Date "2006.06.08"]
[Round "6.10"]
[White "Liwak, Przemyslaw"]
[Black "Leniart, Arkadiusz"]
[Result "1/2-1/2"]
[WhiteElo "2340"]
[BlackElo "2333"]
[PlyCount "103"]
[EventDate "2006.06.??"]

1. e4 e5 2. Nf3 Nc6 3. Bb5 a6 4. Ba4 Nf6 5. O-O Be7 6. Re1 b5 7. Bb3 d6 8. c3
O-O 9. h3 Na5 10. Bc2 c5 11. d4 Nd7 12. d5 Nc4 13. a4 Rb8 14. axb5 axb5 15. Qe2
Ncb6 16. Na3 Ra8 17. Bd2 c4 18. Nxb5 Ba6 19. Na3 Qc7 20. Red1 Rfb8 21. Be3 Nc5
22. Nd2 Ncd7 23. Rdb1 f5 24. f3 f4 25. Bf2 Bd8 26. Qf1 Nc5 27. Naxc4 Nxc4 28.
Nxc4 Bxc4 29. Qxc4 Rxa1 30. Rxa1 Rxb2 31. Ra2 Rxa2 32. Qxa2 Qa5 33. Qxa5 Bxa5
34. Be1 g5 35. g3 h6 36. Kg2 Kf7 37. h4 Kg6 38. Kh3 Kh5 39. hxg5 hxg5 40. gxf4
gxf4 41. Bh4 Kg6 42. Be7 Bc7 43. Kg4 Kf7 44. Bh4 Ba5 45. c4 Ke8 46. Kf5 Kd7 47.
Bd1 Bd8 48. Bf2 Bb6 49. Bh4 Bd8 50. Be1 Bb6 51. Bh4 Bd8 52. Bf2 1/2-1/2

[Event "Lasker Memorial A"]
[Site "Barlinek"]
[Date "2006.06.08"]
[Round "6.11"]
[White "Kachur, Alexander"]
[Black "Korneevets, Alexander"]
[Result "0-1"]
[WhiteElo "2261"]
[BlackElo "2293"]
[PlyCount "67"]
[EventDate "2006.06.??"]

1. e4 e5 2. Nf3 Nc6 3. Nc3 Nf6 4. d4 exd4 5. Nd5 Be7 6. Bf4 d6 7. Nxd4 O-O 8.
Nb5 Nxd5 9. exd5 Ne5 10. Qd2 Ng6 11. Be3 c5 12. a4 f5 13. f4 Bd7 14. Be2 a6 15.
Nc3 Bf6 16. O-O Re8 17. Kh1 Qa5 18. Rfe1 Kh8 19. Nd1 Qxd2 20. Bxd2 Re4 21. Nc3
Bxc3 22. Bxc3 Rae8 23. Bf1 Nxf4 24. Rxe4 Rxe4 25. b3 Nxd5 26. Bb2 Bc6 27. Bd3
Re8 28. Bxf5 Ne3 29. Bh3 Nxc2 30. Rd1 Re1+ 31. Rxe1 Nxe1 32. Bc3 Nd3 33. Kg1
Nf4 34. Kf2 0-1

[Event "Lasker Memorial A"]
[Site "Barlinek"]
[Date "2006.06.08"]
[Round "6.14"]
[White "Rutkowski, Maciej"]
[Black "Swiercz, Dariusz"]
[Result "1-0"]
[WhiteElo "2298"]
[BlackElo "2185"]
[PlyCount "93"]
[EventDate "2006.06.??"]

1. e4 c5 2. Nf3 d6 3. d4 cxd4 4. Nxd4 Nf6 5. Nc3 a6 6. Be2 e5 7. Nb3 Be7 8. Be3
Be6 9. Nd5 Bxd5 10. exd5 Nbd7 11. c4 O-O 12. O-O Rc8 13. Rc1 Ne4 14. Bd3 Nec5
15. Nxc5 Nxc5 16. Bf5 Nd7 17. Qg4 Rc7 18. Bh6 Bf6 19. Rc3 e4 20. Rh3 g6 21.
Bxd7 Qxd7 22. Qxd7 Rxd7 23. Bxf8 Kxf8 24. b3 b5 25. Re1 bxc4 26. bxc4 Re7 27.
Rhe3 a5 28. g3 Rc7 29. Rxe4 Rb7 30. Re8+ Kg7 31. R1e2 Rb4 32. Rc8 Bd4 33. Rc7
a4 34. Ree7 Rb2 35. Rxf7+ Kg8 36. a3 g5 37. Kg2 h5 38. Rf5 g4 39. Rc6 Bc5 40.
Rxc5 dxc5 41. Rxh5 Rc2 42. d6 Rd2 43. Rxc5 Rxd6 44. Rg5+ Kh7 45. Rxg4 Rd3 46.
c5 Rxa3 47. Rc4 1-0

[Event "Lasker Memorial A"]
[Site "Barlinek"]
[Date "2006.06.08"]
[Round "6.15"]
[White "Chlost, Marlena"]
[Black "Jaworski, Maciej"]
[Result "0-1"]
[WhiteElo "2122"]
[BlackElo "2203"]
[PlyCount "60"]
[EventDate "2006.06.??"]

1. e4 Nc6 2. Nf3 d6 3. d4 Nf6 4. Nc3 g6 5. h3 Bg7 6. Be3 O-O 7. Qd2 a6 8. a3 e5
9. dxe5 Nxe5 10. Nxe5 dxe5 11. Bc4 Qe7 12. Bg5 c6 13. O-O-O b5 14. Bb3 Qb7 15.
Qd6 Nh5 16. g3 Re8 17. Qc5 Bf8 18. Qe3 a5 19. Rd3 Ng7 20. Bh6 b4 21. axb4 axb4
22. Na4 Qb5 23. Qf3 Ne6 24. Bxf8 Rxf8 25. h4 Rxa4 26. Bxa4 Qxa4 27. b3 Qa2 28.
h5 Nd4 29. Rxd4 Qa1+ 30. Kd2 Qxd4+ 0-1

[Event "Lasker Memorial A"]
[Site "Barlinek"]
[Date "2006.06.08"]
[Round "6.16"]
[White "Baumann, Dariusz"]
[Black "Khamitskiy, Sergei"]
[Result "0-1"]
[WhiteElo "1892"]
[BlackElo "2201"]
[PlyCount "232"]
[EventDate "2006.06.??"]

1. d4 e6 2. Nf3 f5 3. c4 Nf6 4. g3 b6 5. Bg2 Bb7 6. O-O Be7 7. Nc3 Ne4 8. Qc2
Nxc3 9. Qxc3 Bf6 10. Qb3 O-O 11. Bf4 d6 12. c5 Bd5 13. Qa3 g5 14. Bd2 g4 15.
Ne1 Bxg2 16. Nxg2 Bxd4 17. cxd6 Qxd6 18. Qxd6 cxd6 19. Nf4 Kf7 20. Rac1 Na6 21.
Bc3 Bxc3 22. Rxc3 Rfc8 23. Rfc1 Rc5 24. Nd3 Rxc3 25. Rxc3 Ke7 26. b4 Kd7 27. h3
e5 28. hxg4 fxg4 29. f3 gxf3 30. exf3 Nc7 31. Rc4 Rg8 32. Kf2 Nd5 33. b5 Rc8
34. Rh4 Rc2+ 35. Ke1 Rxa2 36. Rxh7+ Ke6 37. Rh6+ Nf6 38. g4 Kf7 39. g5 Ne8 40.
f4 exf4 41. Nxf4 Rb2 42. g6+ Kf6 43. Rh8 Ng7 44. Rf8+ Kg5 45. Rf7 Rxb5 46. Rxg7
Kxf4 47. Rxa7 Rg5 48. g7 Ke3 49. Re7+ Kd4 50. Rb7 Kc5 51. Rc7+ Kd5 52. Kd2 Rg3
53. Kc2 b5 54. Kd2 Kd4 55. Kc2 d5 56. Rb7 Kc5 57. Rc7+ Kd6 58. Rb7 Kc6 59. Rf7
b4 60. Rf4 Kc5 61. Rf7 b3+ 62. Kb2 Kc4 63. Rc7+ Kd4 64. Rb7 Ke4 65. Rxb3 Rxg7
66. Kc2 Rg2+ 67. Kd1 Kd4 68. Rh3 Kc4 69. Rh4+ d4 70. Rh3 Kb4 71. Rd3 Rg4 72.
Rh3 Rg8 73. Kd2 Kc4 74. Rf3 Ra8 75. Rh3 Ra2+ 76. Kd1 Rf2 77. Rg3 Rh2 78. Kc1
Kd5 79. Kd1 Ke5 80. Ke1 Ke4 81. Kd1 Rf2 82. Rh3 Kd5 83. Ke1 Ra2 84. Kd1 Kc4 85.
Rg3 Rh2 86. Ke1 Rc2 87. Kd1 Rc3 88. Rg8 Rh3 89. Ra8 Rh1+ 90. Kd2 Rh2+ 91. Kd1
Kb4 92. Kc1 Kb3 93. Ra7 Rh3 94. Ra8 Kc4 95. Ra4+ Kd5 96. Ra8 Ke4 97. Kc2 Rh2+
98. Kc1 Ke3 99. Ra3+ d3 100. Ra8 Rh1+ 101. Kb2 d2 102. Re8+ Kf4 103. Rf8+ Ke5
104. Re8+ Kf6 105. Rd8 d1=Q 106. Rxd1 Rxd1 107. Kc2 Rd4 108. Kc3 Ke5 109. Kc2
Kd5 110. Kc3 Kc5 111. Kc2 Kc4 112. Kb2 Rd2+ 113. Kc1 Kc3 114. Kb1 Rh2 115. Ka1
Kb3 116. Kb1 Rh1# 0-1

[Event "Lasker Memorial A"]
[Site "Barlinek"]
[Date "2006.06.08"]
[Round "6.17"]
[White "Goluch, Piotr"]
[Black "Szwed, Jacek"]
[Result "0-1"]
[WhiteElo "1966"]
[BlackElo "2192"]
[PlyCount "54"]
[EventDate "2006.06.??"]

1. e4 c5 2. c3 d6 3. d4 Nf6 4. Bd3 g6 5. f4 Bg7 6. Nf3 O-O 7. O-O cxd4 8. cxd4
Nc6 9. Kh1 Qb6 10. Nc3 Bg4 11. d5 Nb4 12. Bb1 Rac8 13. h3 Bxf3 14. Qxf3 Nd7 15.
Be3 Qa6 16. a3 Rxc3 17. bxc3 Bxc3 18. axb4 Bxa1 19. Qf2 Rc8 20. e5 dxe5 21.
fxe5 Nxe5 22. Ba2 Rc2 23. Qxc2 Qxf1+ 24. Kh2 h5 25. Bf2 Nd3 26. Bg3 Bd4 27. Bb8
h4 0-1

[Event "Lasker Memorial A"]
[Site "Barlinek"]
[Date "2006.06.08"]
[Round "6.18"]
[White "Budrewicz, Krzysztof"]
[Black "Warszawski, Bartosz"]
[Result "1-0"]
[WhiteElo "2142"]
[BlackElo "2299"]
[PlyCount "63"]
[EventDate "2006.06.??"]

1. d4 Nf6 2. c4 e6 3. Nc3 Bb4 4. Qc2 Nc6 5. Nf3 d6 6. Bg5 h6 7. Bxf6 Qxf6 8. e3
O-O 9. Be2 e5 10. d5 Nb8 11. Nd2 Nd7 12. O-O Qe7 13. a3 Bxc3 14. Qxc3 f5 15. b4
Nf6 16. Nb3 g5 17. Qc2 g4 18. Rfd1 Nh5 19. c5 Qg7 20. Rac1 f4 21. Bd3 g3 22.
fxg3 fxg3 23. h3 Qg5 24. Re1 Bxh3 25. gxh3 Rf2 26. Re2 Raf8 27. Be4 Nf6 28. Bg2
Ng4 29. hxg4 Qh4 30. Rxf2 Rxf2 31. Qg6+ Kh8 32. Qh5 1-0

[Event "Lasker Memorial A"]
[Site "Barlinek"]
[Date "2006.06.08"]
[Round "6.19"]
[White "Lubienski, Tadeusz"]
[Black "Czaja, Roman"]
[Result "0-1"]
[WhiteElo "2166"]
[BlackElo "2144"]
[PlyCount "120"]
[EventDate "2006.06.??"]

1. d4 d5 2. c4 c6 3. Nc3 e6 4. e3 Nf6 5. cxd5 exd5 6. Nf3 Bd6 7. Bd3 O-O 8. Qc2
Re8 9. Bd2 Qe7 10. O-O-O b5 11. Kb1 a5 12. Ne2 a4 13. Ne5 b4 14. Qc1 c5 15. Bb5
Bf5+ 16. Ka1 Rc8 17. Ng3 Be6 18. Qb1 a3 19. Nf5 axb2+ 20. Kxb2 Bxf5 21. Qxf5
Rc7 22. Ng4 Nxg4 23. Qxg4 c4 24. Bc1 Ra5 25. e4 Qxe4 26. Qxe4 dxe4 27. Bxc4
Rxc4 28. Rhe1 Nd7 29. Rxe4 Nf6 30. Re2 h6 31. h3 Nd5 32. Re8+ Kh7 33. Rd8 Be7
34. Rd7 Bf6 35. Be3 Rc3 36. Re1 Rca3 37. Ra1 Nxe3 38. fxe3 Rxe3 39. Rd1 Rea3
40. Rxf7 Rxa2+ 41. Kb3 Rxg2 42. Kxb4 Rd5 43. Kc4 Rd8 44. d5 Rc2+ 45. Kd3 Rc3+
46. Ke4 Rxh3 47. d6 Rh5 48. Rc7 Re5+ 49. Kf3 Kg6 50. d7 h5 51. Kf4 Re7 52. Kf3
Kf5 53. Rd5+ Re5 54. Rd1 g5 55. Rc8 g4+ 56. Kg2 Ke6 57. Rc6+ Ke7 58. Rf1 Re6
59. Rxe6+ Kxe6 60. Re1+ Kxd7 0-1

[Event "Lasker Memorial A"]
[Site "Barlinek"]
[Date "2006.06.08"]
[Round "6.20"]
[White "Gorecka, Joanna"]
[Black "Kielbratowski, Aleksander"]
[Result "1/2-1/2"]
[WhiteElo "2082"]
[BlackElo "2153"]
[PlyCount "110"]
[EventDate "2006.06.??"]

1. e4 e5 2. Nf3 f5 3. Nxe5 Qf6 4. d4 d6 5. Nc4 fxe4 6. Nc3 Qg6 7. Be3 Nf6 8.
Qd2 Be7 9. O-O-O c6 10. f3 exf3 11. gxf3 b5 12. Na5 Qf7 13. d5 b4 14. Ne4 Nxd5
15. Nxc6 Nxc6 16. Qxd5 Qxd5 17. Rxd5 Be6 18. Rd1 O-O 19. Nxd6 Rad8 20. Nc4
Rxd1+ 21. Kxd1 Rxf3 22. Bg2 Rf6 23. b3 Bf7 24. Rf1 Rg6 25. Bxc6 Bxc4 26. Rf4
Rxc6 27. Rxc4 Rg6 28. Rc7 Rd6+ 29. Ke2 Re6 30. Kd3 a6 31. Bd4 Kf7 32. Bc5 Kf6
33. Bxe7+ Rxe7 34. Rxe7 Kxe7 35. Kc4 g5 36. c3 bxc3 37. Kxc3 Kd6 38. Kd4 a5 39.
Ke4 Kc5 40. a3 g4 41. Ke5 h6 42. Ke4 h5 43. Kf5 Kd4 44. Kg5 Kc3 45. Kxh5 Kxb3
46. Kxg4 Kxa3 47. h4 Kb2 48. h5 a4 49. h6 a3 50. h7 a2 51. h8=Q+ Kb1 52. Qb8+
Ka1 53. Qh2 Kb1 54. Qg1+ Kb2 55. Qf2+ Kb1 1/2-1/2

[Event "Lasker Memorial A"]
[Site "Barlinek"]
[Date "2006.06.08"]
[Round "6.21"]
[White "Tokarski, Lukasz"]
[Black "Wielosz, Jaroslaw"]
[Result "1/2-1/2"]
[WhiteElo "2152"]
[BlackElo "2023"]
[PlyCount "128"]
[EventDate "2006.06.??"]

1. e4 c5 2. Nf3 e6 3. d4 cxd4 4. Nxd4 a6 5. Bd3 Nf6 6. O-O Qc7 7. Qe2 Nc6 8.
Nxc6 dxc6 9. e5 Nd5 10. a3 Bc5 11. c4 Ne7 12. Nd2 Ng6 13. Nf3 a5 14. b3 b6 15.
Bd2 Qe7 16. Bg5 Qc7 17. Qb2 Be7 18. Bxe7 Qxe7 19. Be4 Bb7 20. b4 axb4 21. axb4
O-O 22. Rfd1 Rfb8 23. h3 Rxa1 24. Rxa1 c5 25. Ra7 cxb4 26. h4 Qd7 27. Bxb7 Rxb7
28. Ra8+ Nf8 29. Qxb4 Qe7 30. Qb5 Qd7 31. Qb4 Qe7 32. Qb5 Qd7 33. Qa6 g6 34.
Nd4 Rc7 35. Qa3 Rc8 36. Rxc8 Qxc8 37. Qd3 Qa8 38. Kh2 h5 39. Nb5 Qc6 40. Nd6
Nd7 41. Qd4 Qc5 42. Qxc5 bxc5 43. f4 f6 44. exf6 Nxf6 45. Kg3 Kf8 46. Kf3 Ke7
47. Ne4 Nd7 48. Ke3 e5 49. fxe5 Nxe5 50. Kf4 Nxc4 51. Nxc5 Kf7 52. Ne4 Kg7 53.
Kg5 Ne5 54. g3 Nf7+ 55. Kf4 Nh6 56. Ke5 Nf5 57. Ke6 Nd4+ 58. Ke7 Nf5+ 59. Ke8
Nd4 60. Ke7 Nf5+ 61. Ke8 g5 62. Nxg5 Nxg3 63. Ne6+ Kf6 64. Nf4 Kf5 1/2-1/2

[Event "Lasker Memorial A"]
[Site "Barlinek"]
[Date "2006.06.08"]
[Round "6.23"]
[White "Mouiwid, Jury"]
[Black "Siwiec, Arkadiusz"]
[Result "1-0"]
[WhiteElo "2239"]
[BlackElo "1957"]
[PlyCount "62"]
[EventDate "2006.06.??"]

1. d4 d5 2. c4 e6 3. Nc3 f5 4. g3 c6 5. Bg2 Bd6 6. Nh3 Nf6 7. Bf4 O-O 8. c5 Be7
9. O-O b6 10. b4 Nfd7 11. Qd2 h6 12. Bxb8 Rxb8 13. Nf4 Rf6 14. Qe3 Nf8 15. Nd3
Nd7 16. Nf4 Nf8 17. Rfd1 Kh7 18. h4 Ng6 19. Nh3 f4 20. Qd3 bxc5 21. bxc5 Kg8
22. h5 Nf8 23. Nxf4 Rf7 24. Bf3 e5 25. dxe5 Bxc5 26. Ncxd5 Qg5 27. e3 Kh8 28.
Qc4 Ne6 29. Ng6+ Kg8 30. Ndf4 Nxf4 31. Qxc5 Nxg6 1-0

[Event "Lasker Memorial A"]
[Site "Barlinek"]
[Date "2006.06.08"]
[Round "6.24"]
[White "Tokarski, Bartlomiej"]
[Black "Klim, Kamil"]
[Result "1/2-1/2"]
[WhiteElo "2004"]
[BlackElo "1940"]
[PlyCount "63"]
[EventDate "2006.06.??"]

1. e4 c5 2. Nf3 d6 3. d4 cxd4 4. Nxd4 Nf6 5. Nc3 a6 6. h3 e6 7. g4 Qc7 8. Bg2
Nc6 9. O-O Be7 10. Kh1 Nxd4 11. Qxd4 e5 12. Qd3 Be6 13. Rd1 h6 14. Be3 g5 15.
Kg1 h5 16. f3 Rd8 17. Qe2 d5 18. exd5 Nxd5 19. Nxd5 Bxd5 20. b3 f6 21. c4 Be6
22. Rxd8+ Bxd8 23. Rd1 Rh7 24. Qc2 Rd7 25. Bf1 Rxd1 26. Qxd1 hxg4 27. hxg4 Be7
28. Bd3 Bc5 29. Qe2 Qb6 30. Kf2 Ke7 31. Be4 Kd6 32. Qd3+ 1/2-1/2